LEADER 01152nam a2200265 i 4500 001 000000137506 003 CaOOAMICUS 005 20050414000000.0 008 050414s1976 it u000 u ita u 013 $a111281 040 $aSeMil$bita 245 10$aRimatori comico-realistici del Due e Trecento /$ca cura di Maurizio Vitale. 250 $aRistampa. 260 $aTorino :$bUnione Tipografico-Editrice Torinese,$c1976. 300 $a797 p., [5] c. di tav. ;$c24 cm. 490 0 $aClassici Italiani 500 $aContiene : Note Bio-Bibliografiche. 650 4$aLetteratura italiana - Sec. 13.$0(OLS)http://semarc/subject/3991 650 4$aLetteratura italiana - Sec. 14.$0(OLS)http://semarc/subject/6319 700 1 $aVitale, Maurizio.$0(OLS)http://semarc/name/3839 830 0$aClassici Italiani .$0(OLS)http://semarc/title/16424 850 $aSeMil 852 $aSeMil$W1$xVenegono$y1$m1G II 48$j238695$B91051$CSeMilBibl$Z2$F95873 $81 996 $6245$aRimatori comico-realistici del Due e Trecento$9(OLS)http://semarc/title/200913 996 $6260$aTorino :$bUnione Tipografico-Editrice Torinese$9(OLS)http://semarc/publisher/29628 LEADER 00914nam a2200205 i 4500 001 000000189166 003 CaOOAMICUS 005 20100504000000.0 008 100504s1924 it u000 u fre u 013 $a167421 040 $aSeMil$bita 100 1 $aBordeaux, Henry.$0(OLS)http://semarc/name/35882 245 10$aSt. François De Sales et Notre Coeur De Chair :$bavec un portrait /$cHenry Bordeaux De l'Académie Française. 260 $aParis :$bPlon-Nourrit,$ccopyr. 1924. 300 $a332 p., [1] p. di ritratto ;$c19 cm. 600 04$aFrancesco : di Sales .$0(OLS)http://semarc/subject/787 850 $aSeMil 852 $aSeMil$W1$xVenegono$y1$m3H III 89$j139798$B139798$CSeMilBibl$Z2$F151402 $81 996 $6245$aSt. François De Sales et Notre Coeur De Chair :$bavec un portrait$9(OLS)http://semarc/title/272364 996 $6260$aParis :$bPlon-Nourrit$9(OLS)http://semarc/publisher/33699